| 000 | 00911nam a2200241 a 4500 | ||
|---|---|---|---|
| 001 | 000048612 | ||
| 003 | DO-SdBNP | ||
| 005 | 20260305074000.0 | ||
| 007 | ta | ||
| 008 | 190403s2014 dr ac 001 0 spa d | ||
| 020 | _a9789945008548 | ||
| 040 |
_aDO-SdBNP _bspa _cBNPHU |
||
| 082 |
_a972.9305 _bB171c _222 |
||
| 245 | 0 | 0 |
_aJoaquín Balaguer : _bcartas, entrevistas, conferencias, discursos y artículos de opinión (1961-1965) / _cestudio, compilación, y notas de Cándido Gerón. |
| 260 |
_aSanto Domingo : _bCentenario, _c2014. |
||
| 300 |
_a381 p. : _bils., retrs. ; _c23 cm. |
||
| 590 | _aInventariado, 2019/VM | ||
| 600 | 1 | 0 |
_a Balaguer, Joaquín, _d1906-2002 _976556 _vCorrespondencias, memorias, etc. |
| 650 | 1 | 4 |
_aPresidentes _zRepública Dominicana _vCorrespondencias _976069 |
| 700 | 1 |
_aGerón, Candido, _d1948- _ecompilador _93577 |
|
| 910 | _aValidación. Control de calidad MFF | ||
| 942 |
_2ddc _cLBS1 |
||
| 999 |
_c53008 _d53008 |
||